Nadežnosť i techničeskoje obsluživanije. Matematičeskij pochod : Perevod s nemec /

Enregistré dans:
Détails bibliographiques
Auteurs principaux: Beichelt, Frank (Auteur), Franken, Peter (Auteur)
Format: Livre
Publié: Moskva : Radio i svjaz, 1988
Tags: Ajouter un tag
Pas de tags, Soyez le premier à ajouter un tag!

MARC

LEADER 00000nam a22000003a 4500
001 stu14551
005 20150617225800.0
008 ------s1988----xxr---------------------d
040 |a STU  |b slo 
041 0
044 |a xxr 
080 |a 519.21 
100 1 |a Beichelt, Frank  |4 aut 
245 1 |a Nadežnosť i techničeskoje obsluživanije. Matematičeskij pochod :  |b Perevod s nemec /  |c [aut.]Beichelt,Frank, Franken,Peter 
260 |a Moskva :  |b Radio i svjaz,  |c 1988 
300 |a 391 s :  |b Grafy,lit.,index 
700 1 |a Franken, Peter  |4 aut 
996 |b C83748  |c C*83748  |l CCXVI  |s P  |a 0  |w stu14551_0001